01207nam a2200325 a 4500001001200000003000800012006001900020007001500039008004100054010001700095020001500112020001800127020002700145040002100172035002100193050002600214082001600240100002100256245008300277260005400360300002400414504005100438533015200489650002500641650001800666650002500684655002900709710001700738856012600755ebr10630495CaPaEBRm u cr cn|||||||||111121s2012 njua sb 001 0 eng d z 2011043534 z1118235320 z9781118235324 z9781118278093 (e-book) aCaPaEBRcCaPaEBR a(OCoLC)79580814114aTK7868.D5bM68 2012eb04a621.3822231 aMorrison, Ralph.10aDigital circuit boardsh[electronic resource] :bmach 1 GHz /cRalph Morrison. aHoboken, N.J. :bJohn Wiley & Sons, Inc.,cc2012. axiv, 163 p. :bill. aIncludes bibliographical references and index. aElectronic reproduction.bPalo Alto, Calif. :cebrary,d2011.nAvailable via World Wide Web.nAccess may be limited to ebrary affiliated libraries. 0aDigital electronics. 0aLogic design. 0aIntegrated circuits. 7aElectronic books.2local2 aebrary, Inc.40uhttp://site.ebrary.com/lib/rucke/Doc?id=10630495zAn electronic book accessible through the World Wide Web; click to view